000 00231nam a22000977a 4500
008 170125b xxu||||| |||| 00| 0 eng d
041 _aeng
080 _a61
245 _aMEDICINE IN THE BIBLE & THE TALMUD
_cROSNER, F
942 _2udc
_cBK
999 _c3685
_d3685